Nakupování zážitkem. O nákupních střediscích 20. století.

Popis veľkých západných nákupných stredísk - shopping centres, vysunutých spravidla mimo mesto. Ich vznik v USA. Definícia tohto nového prvku maloobchodnej siete. Veľkosť a umiestnenie nákupného strediska. Vývoj nákupných stredísk v Európe. Možnosť budovania nákupných stredísk v ČSFR, v ktorej je hl...

Ausführliche Beschreibung

Gespeichert in:
Bibliographische Detailangaben
1. Verfasser: Simonian, Aram
Format: Buchkapitel
Sprache:Tschechisch
Schlagworte:
Tags: Tag hinzufügen
Keine Tags, Fügen Sie das erste Tag hinzu!

MARC

LEADER 00000naa a2200000 4500
001 r007184
005 20220831090206.2
041 0 |a cze 
044 |a [CS] 
245 1 0 |a Nakupování zážitkem.  |b O nákupních střediscích 20. století.  |c A. Simonian 
520 |a Popis veľkých západných nákupných stredísk - shopping centres, vysunutých spravidla mimo mesto. Ich vznik v USA. Definícia tohto nového prvku maloobchodnej siete. Veľkosť a umiestnenie nákupného strediska. Vývoj nákupných stredísk v Európe. Možnosť budovania nákupných stredísk v ČSFR, v ktorej je hlboko poddimenzovaná predajná sieť. 
610 2 0 |a strediská nákupné 
610 2 0 |a siete obchodné 
610 2 0 |a maloobchod 
610 2 0 |a USA 
610 2 0 |a Európa 
610 2 0 |a ČSFR 
610 2 0 |a údaje štatistické 
100 1 |a Simonian, Aram